000 00432nam a2200181Ia 4500
001 22289
005 20260414150821.0
008 260414t2008||||xx |||||||||||||| ||spa||
041 _aESP
082 _a621.31
_bK468
100 _aKothari, D.P.
_eAUT
245 0 _aSistemas eléctricos de potencia
_b
260 _c2008
300 _axvi, 694 páginas :
_c24 cm.
650 _aTCA
654 _aCET
942 _cLIB
_dJUS
_fJUS
_2ddc
_n
999 _c22289
_d22289